000 01796nam a2200277Ia 4500
999 _c55639
_d55639
001 22734
003 GE_BSU
005 20230504171650.0
008 181216s ||||ge |||||||||||||| ||geo||
020 _a9789941260292
040 _cGE_BSU
041 _ageo
080 _a821.581.03=353.1 ტ-55
100 _aტიან ჰე.
_917974
245 _aქლიავის ყვავილი :
_bლექსები /
_cტიან ჰე ; ლექსთა ქართულენოვანი პწკარედი მოამზადა ნუცა ქათამაძე, რუსულენოვანი ევდოკია ნესტეროვამ ; წინასიტყვაობა პეტრე მცირიშვილი ; ანა მგალობლიშვილის ილუსტრაციები.
250 _aI გამოცემა
264 _aთბილისი :
_bუნივერსალი,
_c2017.
300 _a176 გვ. :
_b ილ. ;
_c 20 სმ.
500 _aგანმარტებანი : გვ.157-158
541 _h4ლ.
653 _aPlum flower : Poetry
653 _aლიტერატურა
653 _aქლიავის ყვავილი : ლექსები
653 _aძიანანის აბრეშუმი ; წყლის დინება ; თიხის ქოთანი ; მოუხმობდე მშობლიურ ქალაქს ; მწუხრი ; გადამფრენი ფრინველები ; შუახნის გლეხკაცი ; შუაღამე ქვის სამტეხლოში ; მთის ტაძარში და სხვ..
942 _cBK
_2udc